ბათუმის შოთა რუსთაველის სახელმწიფო უნივერსიტეტის ბიბლიოთეკა

თანამედროვე ეთნოსოციალური პროცესები საქართველოში : (ბიბ.ჩანაწერი № 38011)

000 -ლიდერი
ფიქსირებული სიგრძის საკონტროლო ველი 01362nam a2200241Ia 4500
001 - საკონტროლო ნომერი
საკონტროლო ველი 3996
003 - საკონტროლო ნომრის იდენტიფიკატორი
საკონტროლო ველი GE_BSU
005 - ბოლო ოპერაციის თარიღი და დრო
საკონტროლო ველი 20190909155106.0
008 - ფიქსირებული სიგრძის მონაცემთა ელემენტები - ზოგადი ინფორმაცია
ფიქსირებული სიგრძის საკონტროლო ველი 181216s1989||||ge |||||||||||||| ||geo||
020 ## - წიგნის საერთაშორისო სტანდარტული ნომერი
International Standard Book Number 5520004408
040 ## - კატალოგიზაციის წყარო
Transcribing agency GE_BSU
041 ## - ენის კოდი
Language code of text/sound track or separate title geo
080 ## - უნივერსალური ათობითი კლასიფიკაციის ინდექსი
Universal Decimal Classification number 323.1(479.22) თ–29
245 ## - ცნობა სათაურის შესახებ
Title თანამედროვე ეთნოსოციალური პროცესები საქართველოში :
Statement of responsibility, etc საქ. სსრ მეცნ. აკად., ისტორიის, არქეოლოგიისა და ეთნოგრაფიის ინ-ტი ; რედ.: მ. ბექაია.
Remainder of title შრომების კრებული /
264 ## - წარმოების, გამოცემის, დისტრიბუციის და სხვა ცნობები
გამოცემის, წარმოების, დისტრიბუციის... ადგილი თბ. :
გამოცემის, წარმოების, დისტრიბუციის... სახელწოდება მეცნიერება,
გამოცემის, წარმოების, დისტრიბუციის... თარიღი 1989.
300 ## - ფიზიკური აღწერა
Extent 142 გვ. ;
Other physical details 21 სმ.
653 ## - INDEX TERM--UNCONTROLLED
Uncontrolled term ეთნოსოციალური პროცესები საქართველოში
653 ## - INDEX TERM--UNCONTROLLED
Uncontrolled term ქართველების ეთნოგრაფია
653 ## - INDEX TERM--UNCONTROLLED
Uncontrolled term ეთნოსოციოლოგია
700 ## - ADDED ENTRY--PERSONAL NAME
Personal name ბექაია, მ.
Relator term რედაქტორი
9 (RLIN) 3924
710 ## - ADDED ENTRY--CORPORATE NAME
Corporate name or jurisdiction name as entry element საქ. სსრ მეცნ. აკად., ისტორიის, არქეოლოგიისა და ეთნოგრაფიის ინ-ტი
9 (RLIN) 1524
942 ## - ADDED ENTRY ELEMENTS (KOHA)
Koha item type წიგნი
Source of classification or shelving scheme
ეგზემპლარები
ჩამოწერის სტატუსი დაკარგული ეგზემპლარის სტატუსი კლასიფიკაციის წყარო ან თაროზე გაწყობის სქემა დაზიანების სტატუსი არ გაიცემა მუდმივი მდებარეობა (დაცვის ადგილი) ამჟამინდელი ადგილსამყოფელი თაროზე განთავსების ადგილი შეძენის თარიღი ღირებულება, შესყიდვის ნორმალური ფასი სრული შენახვის შიფრი შტრიხკოდი ბოლო ოპერაციის თარიღი ეგზემპლარის მიმდევრობითი ნომერი (კეტერი?) ფასის ძალაში შესვლის თარიღი ეგზემპლარის სახეობა საჯარო შენიშვნა
          ბათუმის შოთა რუსთაველის სახელმწიფო უნივერსიტეტის მთავარი ბიბლიოთეკა ბათუმის შოთა რუსთაველის სახელმწიფო უნივერსიტეტის მთავარი ბიბლიოთეკა წიგნსაცავი 2018-12-17 1.20 323.1(479.22) თ–29 5603 2018-12-17 5603 2018-12-17 წიგნი 1ლ.20 თ.